Identificación y clasificación de los stakeholders en el marco gri g3. (Registro nro. 27445)

Detalles MARC
000 -LEADER
fixed length control field 00455 a2200121 4500
001 - CONTROL NUMBER
control field ART_15659
005 - DATE AND TIME OF LATEST TRANSACTION
control field 20260410161918.0
008 - FIXED-LENGTH DATA ELEMENTS--GENERAL INFORMATION
fixed length control field 260409a
100 1# - MAIN ENTRY--PERSONAL NAME
Personal name Palacios, Clide Lidia
245 10 - TITLE STATEMENT
Title Identificación y clasificación de los stakeholders en el marco gri g3.
700 1# - ADDED ENTRY--PERSONAL NAME
Personal name Mendez, Silvana Edelma
773 0# - HOST ITEM ENTRY
Title Documentos de trabajo de contabilidad, auditoría y responsabilidad social
Related parts - Año 1, Nº 2 (dic. 2011)
Record control number REV14385

No hay ítems disponibles.